000 01824cad a22002415a 4500
001 L142662
008 080227s2008 xxk f 000 0 eng d
035 _a(Sirsi) u142662
041 0 _aeng
050 0 4 _a333.38 $2 18
110 2 _aInvestment Property Databank
_92288
245 0 0 _aIPD environment code
_bmeasuring the environmental performance of buildings
_h[electronic resource]
260 _aLondon
_bIPD
_c2008
505 2 _aThe global environmental challenge -- The purpose of the environment code -- Environmental measures and definitions -- Additional information requirements -- Applying the code -- A worked example -- Appendix 1 environmental regulation -- Appendix 2 reducing environmental impacts -- Appendix 3 the global reporting initiative and the environment code -- Appendix 4 unit conversion tables -- Appendix 5 calculating CO2 equivalent emissions -- Appendix 6 environmental health-check -- Bibliography
520 _aAims to be a global standard for measuring the environmental impacts of corporate property. Provides a good practice framework for measuring, analysing and reporting on environmental performance. Aims to help property professionals in the public and private sector monitor and compare the environmental performance of buildings in terms of energy, water consumption and waste produced. It is applicable to a broad range of property types from retail shops and offices to hospitals, universities, hotels and airports.
521 2 0 _aAdvanced
590 _aKA NTK
651 4 _aInternational
690 _aENVIRONMENTAL AND LAND CONSULTANCY-SUSTAINABILITY-SUSTAINABLE DEVELOPMENT
690 _aPROPERTY-COMMERCIAL PROPERTY-COMMERCIAL PROPERTY MARKET
856 4 0 _uhttps://www.ipdoccupiers.com/
_zView the document free of charge at www.ipdoccupiers.com...
942 _n0
999 _c107932
_d107932